000 00509nam a2200169 i 4500
001 31506
003 ES-MaACL
005 20230906154406.0
007 t|
008 030129s1964 sp ||||1| spa d
100 1 _aBaum, Vicki.
_926577
245 1 0 _aAutobiografía de Vicki Baum /
_cVicki Baum ; [traducción del alemán por Agustín Puig].
260 _aBarcelona :
_bPlaneta,
_c[1964]
300 _a398 p., 16 lám. ;
_c22 cm.
700 1 _aPuig, Agustín.
_994220
852 _aES-MaACL
_jC-25894
_bR.54545
999 _c31506
_d31506